Statistics for US states that have an international land border

Click here to take the quiz!

General Stats

  • This quiz has been taken 48 times
  • The average score is 16 of 17

Answer Stats

Length(miles)Answer% Correct
140California
100%
427Washington
100%
1538Alaska
98%
373Arizona
98%
611Maine
98%
445New York
98%
310North Dakota
98%
1241Texas
98%
90Vermont
98%
721Michigan
96%
547Minnesota
96%
545Montana
96%
180New Mexico
96%
58New Hampshire
93%
45Idaho
87%
146Ohio
84%
42Pennsylvania
69%

Score Distribution

Percentile by Number Answered

Percent of People with Each Score

Your Score History

You have not taken this quiz